000 00454nam a2200169Ia 4500
005 20250508152133.0
008 008 250505s9999 xx 000 0 eng d
037 _aTextual
040 _aFEDL
_beng
_cFEDL
041 _aeng
_2eng
084 _a301.35, WES
_qFEDL
245 0 _aIndia's villages
260 _aBengal, India
_bWest Bengal Government Press
300 _a198p.
942 _cTEXL
_h301.35, WES
999 _c1334507
_d1334507